000 00476pam a2200181 a 4500
020 _a9788184484892
_c2995.00
041 _aeng
_hNULL
082 _a616.0757
_bRED/MAT
100 _aREDDY, J .
245 _aPRACTICAL ATLAS OF MRI /
_cNULL.
_hTextual Documents
260 _aNULL :
_bJAYPEE BROTHERS MEDICAL PUB. ,
_c2009.
300 _a677 ;
_cA4.
365 _a2995.00
700 _aMATTSSON, T .
930 _a3608
999 _c798142
_d798142
650 _aRADIOLOGY